Data acquisition : databook /

Guardado en:
Autor Corporativo: National Semiconductor Corporation.
Formato: Libro
Idioma:English
Publicado: [Santa CLara, Calif.] : National Semiconductor Corporation, 1993.
Materias:
Etiquetas: Agregar Etiqueta
Sin Etiquetas, Sea el primero en etiquetar este registro!
LEADER 00687nam a22001815a 4500
001 EIQ.libpla003949
008 080415s1993####caua#####c####000#0#eng#d
005 20080415191344.0
245 1 0 |a Data acquisition :  |b databook /  |c National Semiconductor. 
260 |a [Santa CLara, Calif.] :  |b National Semiconductor Corporation,  |c 1993. 
300 |a 1 v. (en varias paginaciones) :  |b il. ;  |c 23 cm. 
650 4 |a Electrónica  |x Catálogos. 
650 4 |a Electrónica  |x Microprocesadores. 
650 4 |a Electronics  |x Microprocessers. 
650 4 |a Electronics  |x Catalogs. 
040 |a AR-BbSID  |b spa  |c AR-BbSID 
110 2 |a National Semiconductor Corporation. 
859 |a AR-BbSID  |b BIB. PLAPIQUI  |h 621.381 1  |i N 19  |p 4051